LEADER 01256nam a2200265 u 4500 001 000000075731 003 CaOOAMICUS 005 20130419115911.0 008 031017s2003 it a u000 u ita u 020 $a8816602856 035 $a10973326 040 $aIRN$bita 100 1 $aLanzi, Fernando.$0(OLS)http://pul/name/50360 245 10$aCome riconoscere i santi e i patroni nell'arte e nelle immagini popolari / :$bFernando e Gioia Lanzi ; disegni del dizionario di Ermanno Leso. 260 $aMilano :$bJaca Book,$c2003. 300 $a237 p.$bill. coll.$c31 cm 650 04$aSanti$xIconografia.$0(OLS)http://pul/subject/21315 700 1 $aLeso, Ermanno.$0(OLS)http://pul/name/50362 700 1 $aLanzi, Gioia.$0(OLS)http://pul/name/50361 850 $aPUL 852 $aPUL$W1$xSL Cons. Gen., Altre Classi 3$y75$m704. 9 LANFE 1$j153521$nBK-PRI$qDDC 21$B97379$CPULBib$Z2$F97379 $H94166 $82 941 1 $a9 996 $6020$a8816602856$9(OLS)http://pul/number/98991 996 $6245$aCome riconoscere i santi e i patroni nell'arte e nelle immagini popolari / :$bFernando e Gioia Lanzi ; disegni del dizionario di Ermanno Leso$9(OLS)http://pul/title/99371 996 $6260$aMilano :$bJaca Book$9(OLS)http://pul/publisher/47900 LEADER 01521nam a2200313 u 4500 001 000000077492 003 CaOOAMICUS 005 20070226123327.0 008 040206s1971 wiu u000 u eng u 035 $a10983759 040 $aPUL$bita 041 1 $aeng$hlat 100 0 $aNicolaus de Autricuria,$dca. 1300-ca. 1350.$0(OLS)http://pul/name/18475 240 10$aExegit ordo$9(Nicolaus de Autricuria, ca. 1330-ca. 1350).$lInglese.$0(OLS)http://pul/title/101617 245 14$aThe Universal Treatise /$cof Nicholas of Autrecourt ; translated by Leonard Kennedy..., Richard E. Arnold..., Arthur E. Millward... ; with an introduction by Leonard A. Kennedy.. 260 $aMilwaukee :$bMarquette University Press,$c1971. 300 $a165 p. ;$c22 cm 490 1 $aMediaeval philosophical texts in translation , ;$v20 500 $aContiene indici. 504 $aBibliografia in nota. 700 1 $aMillward, Arthur E.$0(OLS)http://pul/name/51525 700 1 $aArnold, Richard Eugene,$d1908-$0(OLS)http://pul/name/51524 700 1 $aKennedy, Leonard A.$0(OLS)http://pul/name/51523 830 0$aMediaeval philosophical texts in translation , ;$v20.$0(OLS)http://pul/title/101609 850 $aPUL 852 $aPUL$W1$xSL Filosofia 1$y2$m82 O 20$j99528$nBK-PRI$b $qStampati$B99528$CPULBib$Z2$F99528 $HPUL93558 $81 941 1 $a8 996 $6245$aThe Universal Treatise$9(OLS)http://pul/title/101618 996 $6260$aMilwaukee :$bMarquette University Press$9(OLS)http://pul/publisher/49546